00711nam a2200193 a 45000010005000000030005000050050017000100080041000270400020000681000018000882450156001062600020002623000011002825000091002936500012003846500048003966500033004446500040004771919CDMR20151026133603.0130130s1978||||||||||||||||||||||||||||d aCDMRbcatcCDMR1 aWijmer, Sacha13aLa censura de prensa en Españab: secuestros, denuncias y sanciones en la prensa periódica española tras la muerte de Francocpor Sacha J. Wijmer aAmsterdamc1978 a163 p. aTesina doctoral, Instituto de Estudios Hispànicos. Àmsterdam, 10 de març de 197804aCensura04aEspanyaxHistòriay1975-1982, Transició04aPremsa i políticazEspanya04aTesis i dissertacions acadèmiques